CR Flamengo Squad 2025 - Statistics

General Stats
  • This quiz has been taken 257 times
    227 since last reset
  • The average score is 22 of 30
Answer Stats
# Position Nation Player % Correct
1 GK Argentina Agustín Rossi
99%
10 MF Uruguay Giorgian de Arrascaeta
96%
3 DF Brazil Léo Ortiz
95%
4 DF Brazil Léo Pereira
95%
9 FW Brazil Pedro
94%
5 MF Chile Erick Pulgar
92%
2 DF Uruguay Guillermo Varela
92%
7 FW Brazil Luiz Araújo
91%
13 DF Brazil Danilo
88%
50 FW Ecuador Gonzalo Plata
88%
18 MF Uruguay Nicolás de la Cruz
83%
11 FW Brazil Everton
82%
8 MF Brazil Gerson
82%
6 DF Brazil Ayrton Lucas
81%
27 FW Brazil Bruno Henrique
81%
17 DF Uruguay Matías Viña
81%
25 GK Brazil Matheus Cunha
79%
26 DF Brazil Alex Sandro
78%
- Coach Brazil Filipe Luís
78%
52 MF Brazil Evertton Araújo
68%
64 FW Brazil Wallace Yan
67%
43 DF Brazil Wesley
61%
30 FW Brazil Michael
56%
29 MF Brazil Allan
54%
20 FW Brazil Matheus Gonçalves
53%
33 DF Brazil Cleiton
49%
23 FW Brazil Juninho
49%
49 GK Brazil Dyogo Alves
29%
21 DF Brazil Pablo
23%
39 DF Brazil Zé Welinton
2%
No matching quizzes found
Score Distribution
Percent of People with Each Score
Percentile by Number Answered
Your Score History
You have not taken this quiz since the last reset